000 01020nam a22003137a 4500
003 CHAP
005 20220329143528.0
008 100409s1981 mx r 00010 spa d
010 _a98057
011 _a99029
035 _a109714
040 _cCHAP
082 1 4 _a615.882097275
_bM85
100 0 0 _aMoscoso Pastrana, Prudencio.
_978999
245 1 3 _aLa medicina tradicional de los Altos de Chiapas
_c/por Prudencio Moscoso Pastrana
260 _aMéxico, D.F. :
_bTradición,
_c1981
300 _a389 p. :
_bilus.
590 _aBATCH-UPD
_b10
_c20130110
_lUCH01
_h1013
590 _aBATCH-UPD
_b10
_c20130410
_lUCH01
_h0620
590 _aBATCH-UPD
_b10
_c20130914
_lUCH01
_h0743
590 _aCONVERSION
_b10
_c20130109
_lUCH01
_h1354
650 1 4 _aBotánica médica.
_914680
650 1 4 _aMateria médica mexicana.
_972930
650 1 4 _aMedicina tradicional.
_973921
901 _aBK
911 _aen proceso
942 _cLIBRO
949 _a615.882097275 M85
_bBC
_cLIBRO
_d33724002165975
_eLIBRO
_gI.c/e
_h112252
_i109714
_si
999 _c98057
_d98057